| 000 | 01191nam a22003497a 4500 | ||
|---|---|---|---|
| 003 | CHAP | ||
| 005 | 20220329135925.0 | ||
| 008 | 971013s1979 r 00010 d | ||
| 010 | _a44185 | ||
| 011 | _a45157 | ||
| 035 | _a49296 | ||
| 040 | _cCHAP | ||
| 090 | _aTesis | ||
| 100 | 0 | 0 |
_aSaíz Chaufón, Antonia Noemí. _9102586 |
| 245 | _aIntervención del Estado y participación campesina en la organización integral del ejido colectivo | ||
| 260 |
_aMéxico, D.F. : _bEl autor, _c1979 |
||
| 300 | _a267 h. | ||
| 502 | _aTesis (Lic. en Economía) -- UNAM. Fac. de Economía | ||
| 590 |
_aALEPH _b10 _c20130110 _lUCH01 _h1313 |
||
| 590 |
_aBATCH-UPD _b10 _c20130110 _lUCH01 _h0257 |
||
| 590 |
_aBATCH-UPD _b10 _c20130110 _lUCH01 _h1700 |
||
| 590 |
_aBATCH-UPD _b10 _c20130409 _lUCH01 _h2328 |
||
| 590 |
_aBATCH-UPD _b10 _c20130410 _lUCH01 _h1510 |
||
| 590 |
_aBATCH-UPD _b10 _c20130913 _lUCH01 _h2137 |
||
| 590 |
_aCONVERSION _b10 _c20130109 _lUCH01 _h1324 |
||
| 650 | 1 | 4 |
_aAgricultura cooperativa _xMéxico. _91975 |
| 650 | 1 | 4 |
_aEjidos _xComarca Lagunera. _936012 |
| 650 | 1 | 4 |
_aTierras _xTenencia _zMéxico. _9113215 |
| 901 | _aBK | ||
| 942 | _cTESIS | ||
| 949 |
_bBC _cTES _d-111269 _eTS1 _i49296 _si |
||
| 999 |
_c44185 _d44185 |
||